Central Library OPAC University of Rajshahi

Waiting for Godot : (Record no. 20294)

MARC details
000 -LEADER
fixed length control field 00661nam a2200217 a 4500
001 - CONTROL NUMBER
control field 20294
003 - CONTROL NUMBER IDENTIFIER
rucl marc code BD-RjUL
005 - DATE AND TIME OF LATEST TRANSACTION
control field 20211209000539.0
008 - FIXED-LENGTH DATA ELEMENTS--GENERAL INFORMATION
fixed length control field 140227s1959 enk 000 1 eng d
035 ## - SYSTEM CONTROL NUMBER
System control number (BD-RjUL)20356
-- OCLC ocm11205345 from D950617M
040 ## - CATALOGING SOURCE
Original cataloging agency RCE
Transcribing agency RCE
Modifying agency UKM
-- EQO
-- BD-RjUL
Language of cataloging eng
041 00 - LANGUAGE CODE
Language code of text/sound track or separate title eng
082 00 - DEWEY DECIMAL CLASSIFICATION NUMBER
Classification number 842.91
Edition number 18
Author mark and year BEW 1959
100 1# - MAIN ENTRY--PERSONAL NAME
Personal name Beckett, Samuel,
Dates associated with a name 1906-1989
9 (RLIN) 62549
245 10 - TITLE STATEMENT
Title Waiting for Godot :
Remainder of title a tragicomedy in two acts /
Statement of responsibility, etc. Samuel Beckett.
260 ## - PUBLICATION, DISTRIBUTION, ETC. (IMPRINT)
Place of publication, distribution, etc. London :
Name of publisher, distributor, etc. Faber and Faber,
Date of publication, distribution, etc. 1959.
300 ## - PHYSICAL DESCRIPTION
Pagination 94 p. ;
Size 21 cm.
650 #0 - SUBJECT ADDED ENTRY--TOPICAL TERM
Topical term or geographic name as entry element French drama
Chronological subdivision 20th century.
9 (RLIN) 61285
942 ## - ADDED ENTRY ELEMENTS (KOHA)
Source of classification or shelving scheme Dewey Decimal Classification
Koha item type Books
Holdings
Lost status Source of classification or shelving scheme Damaged status Not for loan Collection code Permanent Location Current Location Shelving location Date acquired Source of acquisition Cost, normal purchase price Total Checkouts Full call number Date last seen Copy number Koha item type
  Dewey Decimal Classification   Not For Loan Fiction Central Library, University of Rajshahi Central Library, University of Rajshahi Reading Room 09/03/1964 Zeitlinger 10.60   842.91 BEW 1959 27/02/2014 C-1 Books